00406nam a2200121Ia 45000010005000000080041000050820028000461000087000742450055001612600025002169010028002419990015002694485241024s9999 xx 000 0 und d aRD/379.07/R426se/2015/1 aRepública Dominicana. Ministerio de Educación. Consejo Nacional de Educación 0aSesión Estraordinaria (1era). Perfil del Docente bSaanto Domingoc2016 a19/10/2016 3:11:22 p.m. c8308d8308